=LDR 00000nam 2200000 4500 =001 INLIS000000000007819 =005 20130612095746 =008 ***********************************Ind** =035 ##$$0010-061300000007819 =041 ##$$a Ind =082 ##$$a 362.7 =090 ##$$a 362.7, Wel b =100 ##$$a Wells, Rosemary =245 ##$$a bantuan dikala anak berdua, Rosemary Wells =260 ##$$a 1991 $b jakarta =300 ##$$a 138 hlm, 20 cm =650 ##$$a Anak dalam kesulitan-bantuan